000 00441nam a2200169Ia 4500
999 _c28470
_d28470
003 OSt
005 20250602091636.0
008 250310s9999||||xx |||||||||||||| ||und||
040 _c.
082 _a 510.2462
_b S9252
100 _91183
_aStroud, K. A.
245 0 _aEngineering mathematics, programmes and problems /
_cK. A Stroud
250 _a2nd ed.
260 _aLondon :
_bMacmillan,
_c1982.
300 _axix, 894 p.
942 _cBK
_2ddc